HISTORY OF JOURNALISM (Record no. 9222)
[ view plain ]
| 000 -LEADER | |
|---|---|
| fixed length control field | 00339nam a2200145Ia 4500 |
| 003 - CONTROL NUMBER IDENTIFIER | |
| control field | OSt |
| 005 - DATE AND TIME OF LATEST TRANSACTION | |
| control field | 20240301102347.0 |
| 008 - FIXED-LENGTH DATA ELEMENTS--GENERAL INFORMATION | |
| fixed length control field | 170524s9999 xx 000 0 und d |
| 020 ## - INTERNATIONAL STANDARD BOOK NUMBER | |
| International Standard Book Number | 978-8126123544 |
| 040 ## - CATALOGING SOURCE | |
| Transcribing agency | iimtu meerut |
| 100 ## - MAIN ENTRY--PERSONAL NAME | |
| Personal name | MUNIRUDDIN |
| 245 #0 - TITLE STATEMENT | |
| Title | HISTORY OF JOURNALISM |
| 260 ## - PUBLICATION, DISTRIBUTION, ETC. | |
| Name of publisher, distributor, etc. | ANMOL PUB. : NEW DELHI |
| 942 ## - ADDED ENTRY ELEMENTS (KOHA) | |
| Source of classification or shelving scheme | |
| Koha item type | Book Bank |
| Withdrawn status | Lost status | Source of classification or shelving scheme | Damaged status | Not for loan | Home library | Current library | Date acquired | Total Checkouts | Barcode | Checked out | Date last seen | Date last checked out | Price effective from | Koha item type | Total Renewals |
|---|---|---|---|---|---|---|---|---|---|---|---|---|---|---|---|
| IIMT University Central Library Meerut | IIMT University Central Library Meerut | 05/31/2017 | 3 | 01-B-94219 | 10/14/2024 | 10/04/2024 | 10/04/2024 | 05/31/2017 | Book Bank | ||||||
| IIMT University Central Library Meerut | IIMT University Central Library Meerut | 05/31/2017 | 10 | 01-B-94220 | 01/05/2023 | 12/30/2022 | 05/31/2017 | Book Bank | 5 |

